| 000 | 00631nam a2200229 i 4500 | ||
|---|---|---|---|
| 001 | 41476 | ||
| 003 | ES-MaACL | ||
| 005 | 20230906160433.0 | ||
| 007 | t| | ||
| 008 | 030310s1986 sp ||||1| spa d | ||
| 020 | _a84-320-5592-1 | ||
| 080 | _a821.134.2-31"19" | ||
| 100 | 1 |
_aCasals Aldama, Pedro. _936076 |
|
| 245 | 1 | 3 |
_aLa jeringuilla / _cPedro Casals. |
| 250 | _a1ª ed. | ||
| 260 |
_aBarcelona : _bPlaneta, _c1986. |
||
| 300 |
_a221 p. ; _c19 cm. |
||
| 490 | 1 | _aAutores españoles e hispanoamericanos | |
| 830 | 1 |
_aAutores españoles e hispanoamericanos _9177795 |
|
| 852 | 4 |
_aES-MaACL _jL-11352 |
|
| 999 |
_c41476 _d41476 |
||